| 000 | 00839cam a2200325Mi 4500 | ||
|---|---|---|---|
| 001 | 98305 | ||
| 005 | 20230410115815.0 | ||
| 008 | 020507s2010 sp a 000 0 spa d | ||
| 035 | _a(OCoLC)ocn630610056 | ||
| 040 |
_aESUDE _bspa _cESUDE _dOCLCQ |
||
| 020 | _a9788499420004 | ||
| 020 | _a8499420001 | ||
| 035 | _a(OCoLC)630610056 | ||
| 080 | _a316 | ||
| 050 | 1 | 4 |
_aHM 61 _bG492s 2010 |
| 082 | 0 | 0 | _a301 |
| 100 | 1 | _aGiner, Salvador. | |
| 245 | 1 | 0 |
_aSociología / _cSalvador Giner. |
| 250 | _a2a. ed. de Atalaya, act., amp. y rev. por el autor. | ||
| 260 |
_aBarcelona : _bPenínsula, _c2010. |
||
| 300 |
_a406 p. ; _c23 cm. |
||
| 490 | 1 |
_aAtalaya ; _v377 |
|
| 650 | 0 | _aSociology. | |
| 650 | 4 | _aSociología. | |
| 650 | 4 | _a20151100 | |
| 830 | 0 |
_aAtalaya ; _v377. |
|
| 942 |
_2lcc _cbk |
||
| 946 |
_a _RG |
||
| 994 |
_aC0 _bDRFGD |
||
| 999 |
_c48371 _d48371 |
||